000 00519nam a2200181Ia 4500
008 240925s9999 xx 000 0 und d
020 _a9788131408094
082 _a338.954 MUR
100 _aMurthy, Krishna Gopala G.
245 0 _aInfrastructure financing: trends challenges and experiance.
250 _aNA
260 _aPunjagutta:
_bThe Icfai University Press.
_c,2010.
300 _a234p.
_bN.A
_fOriginal
500 _aIncludes Index
600 _aSocial Sciences
650 _aSocial Sciences
942 _cBK
999 _c17711
_d17711